000 00881nam a2200301 i 4500
001 C2-0246518
003 PPAK
005 20180727211246.0
008 030324s2000 enka|||| ||||| | eng d
020 _a0751308145
040 _aPPAK
_beng
_cPPAK
_erda
082 0 4 _a616.54071
_223
090 0 0 _a616.54071
_bHAW
_dR
100 1 _aHawk, John,
_eauthor
110 2 _aThe British Medical Association
245 1 0 _aSkin and sunlight
264 1 _aLondon :
_bDorling Kindersley ,
_c2000
300 _a96 pages :
_bcolour illustrations ;
_c21 cm
336 _2rdacontent
_atext
337 _2rdamedia
_aunmediated
338 _2rdacarrier
_avolume
490 1 _aFamily doctor guide to
650 1 0 _aEnviromental Exposure ; Skin Diseases
700 _eauthor
710 2 _aThe British Medical Association
_eorganizer
830 0 _aFamily doctor guide to
942 _ddc
_cB
999 _c60445
_d60445